000 00225nam a2200097Ia 4500
008 231212s1987 xx 000 0 und d
041 _aeng
100 _aMileaf Harry
245 _aElectricity
260 _aBombay
_bWiley E
_c1987
999 _c959968
_d959968